ESSENTIALS OF OBSTETRICS AND GYNECOLOGY (Record no. 11455)

MARC details
000 -LEADER
fixed length control field 00361nam a22001577a 4500
003 - CONTROL NUMBER IDENTIFIER
control field SGT
020 ## - INTERNATIONAL STANDARD BOOK NUMBER
International Standard Book Number 978-0-7020-4361-1
082 ## - DEWEY DECIMAL CLASSIFICATION NUMBER
Classification number 610.7378
Item number E12O
100 ## - MAIN ENTRY--PERSONAL NAME
Personal name O'REILLY, BARRY
245 ## - TITLE STATEMENT
Title ESSENTIALS OF OBSTETRICS AND GYNECOLOGY
250 ## - EDITION STATEMENT
Edition statement 2ND
260 ## - PUBLICATION, DISTRIBUTION, ETC. (IMPRINT)
Place of publication, distribution, etc EDINBURGH
Name of publisher, distributor, etc SABDERS
Year of Publication 2012
300 ## - PAGE DESCRIPTION
No. of Pages 329
650 ## - SUBJECT ADDED ENTRY--TOPICAL TERM
Topical term or geographic name as entry element OBSTETRICS
942 ## - ADDED ENTRY ELEMENTS (KOHA)
Source of classification or shelving scheme Dewey Decimal Classification
Koha item type Books
Holdings
Withdrawn status Lost status Source of classification or shelving scheme Damaged status Not for loan Collection code Home library Current library Shelving location Date acquired Vendor Name SGTU Bill Number Total Checkouts Full call number Accession No. (Barcode) Date last seen Bill Date Koha item type
    Dewey Decimal Classification     NURSING SGT Medical Library SGT Medical Library Reference Book 08/04/2017 ABC SGTU 7429   610.7378 E12O FN3580 08/04/2017 04/11/2016 Books
    Dewey Decimal Classification     NURSING SGT Medical Library SGT Medical Library Reference Book 08/04/2017 ABC SGTU 7429   610.7378 E12O FN3581 08/04/2017 04/11/2016 Books